000 00370nam a2200133Ia 4500
008 090123s9999 xx 000 0 und d
082 _b402
245 _aअकबर बिरबल विनोद
250 _a0
300 _a160
630 _aअकबर बिरबल विनोद
730 _aअकबर बिरबल विनोद
942 _cBOOK
999 _c38490
_d38490